000 00577nam a2200217Ia 4500
003 OSt
005 20220923230714.0
006 a|||||r|||| 00| 0
007 ta
008 Pun
024 _a304,920
037 _cTextual
040 _aARTS
_cARTS
_bPun
041 _2Pun
_aPun
082 _aR8441:gxI69, 153K9
100 _aਪ੍ਰੀਤਮ ਸਿੰਘ
245 0 _aਗੁਰੂ ਨਾਨਕ ਵਿਚਾਰ ਅਧਿਐਨ
260 _c1969
942 _hR8441:gxI69, 153K9
_cTEXL
_2CC
999 _c386727
_d386727